000 00353nam a2200133Ia 4500
008 230411s9999 xx 000 0 und d
041 _aeng
082 _aX/616.08/KEL/B07618
100 _aKelar Jef
_9179667
245 _aManovruttiwarach Awalambun Sarvakahi
260 _bPentagon Press
_aNew Delhi
_c2012
300 _a170p
999 _c157720
_d157720